000 00320nam a2200145Ia 4500
100 _aAnderson Don
942 _cBK
654 _acomputer
245 _aUniversal Serial Bus Systems architecture
260 _bAddison Wesly
_aMumbai
_c1997
082 _a4.64
_bAND
300 _a321
546 _aENGLISH
999 _c19426
_d19426